000
00314nam a22001337a 4500
008
171107b xxu||||| |||| 00| 0 eng d
020
_a
9780073366272
041
_a
eng
080
_2
19TH
_a
330.722.6
100
_a
62
101
_a
KON
245
_a
PRINCIPLES OF FINANCIAL ACCOUNTING
_c
WILD,J.J
942
_2
udc
_c
BK
999
_c
38007
_d
38007